Herpetofauna de la cuenca Banao-Higuanojo, Sancti Spíritus, Cuba (Registro nro. 14114)

Detalles MARC
000 -CABECERA
Campo de control 003770000a22001090004500
090 ## - CLASIFICACIÓN LOCAL
Colección AS
Consecutivo Seriadas
041 0# - IDIOMA
Código de idioma para texto/pista de sonido o título separado
100 1# - ASIENTO PRINCIPAL--NOMBRE PERSONAL
Nombre personal Estrada, Alberto R.
245 10 - MENCION DE TITULO
Título Herpetofauna de la cuenca Banao-Higuanojo, Sancti Spíritus, Cuba
773 1# - Item fuente:
Título Revista de la Academia Colombiana de Ciencias Exactas, Fisicas y Naturales
Especificación de materiales 32
Descripción física 73
Paginas del Articulo 353-360
Lugar, editorial y fecha de publicación 1994
Información sobre la relación 19
942 ## - ELEMENTOS ADICIONALES (KOHA)
Tipo de ítem Artículo

No hay ítems disponibles.